LEADER 01012nam a2200253 u 4500 001 000000092478 003 CaOOAMICUS 005 20070226124937.0 008 060615s1997 nyu u000 u eng u 020 $a0-19-511469-8 035 $a11092683 040 $aPUL$bita 100 1 $aAudi, Robert.$0(OLS)http://pul/name/48060 245 10$aMoral knowledge and ethical character /$cRobert Audi. 260 $aNew York :$bOxford University Press,$c1997. 300 $axi, 304 p. ;$c24 cm 504 $ainclude indice e riferimenti bibliografici. 650 4$aEtica.$0(OLS)http://pul/subject/547 850 $aPUL 852 $aPUL$W1$xSL Filosofia 3$y81$m170. 42 AUDRO 1$j116313$nBK-PRI$b $qDDC 21$B116313$CPULBib$Z2$F116313 $HPUL101282 $81 941 1 $a9 996 $6020$a0-19-511469-8$9(OLS)http://pul/number/121522 996 $6245$aMoral knowledge and ethical character$9(OLS)http://pul/title/119350 996 $6260$aNew York :$bOxford University Press$9(OLS)http://pul/publisher/50683 LEADER 01391nam a2200289 u 4500 001 000000107208 003 CaOOAMICUS 005 20070926145624.0 008 070926s2003 sp u000 u spa u 020 $a84-313-2128-8 (v. 1) 040 $aPUL$bita$dLDB 041 1 $aspa$alat 100 1 $aSarmiento, Augusto,$d1941-$0(OLS)http://pul/name/43002 245 10$aEnchiridion familiae :$btextos del Magistero pontificio y conciliar sobre el matrimonio y la familia (Siglos I a XX) /$cAugusto Sarmiento, Javier Escrivá-Ivars. 250 $a2a ed. corregida y aumentada. 260 $aPamplona :$bEdiciones Universidad de Navarra,$c<2003>. 300 $av. <1-> ;$c23 cm 505 1 $av. 1. San Clemente-Pío XI. 546 $aTesto in spagnolo e latino. 630 04$aEnchiridion.$0(OLS)http://pul/subject/20751 700 1 $aEscrivá-Ivars, Javier.$0(OLS)http://pul/name/65832 850 $aPUL 852 $aPUL$W1$xSL Religione 3$y85$m248. 4 ENCH 1$j121794$av. 1$qDDC 21$B120781$CPULBib$Z2$F120781 $H104901 $82 941 1 $a9 996 $6020$a84-313-2128-8 (v. 1)$9(OLS)http://pul/number/135724 996 $6245$aEnchiridion familiae :$btextos del Magistero pontificio y conciliar sobre el matrimonio y la familia (Siglos I a XX)$9(OLS)http://pul/title/134996 996 $6260$aPamplona :$bEdiciones Universidad de Navarra$9(OLS)http://pul/publisher/48150